000 01923ncm0a2200373 4500
001 RU\NLR\ONIZ\227860
005 20250623233417.0
010 _a978-5-93162-213-2
021 _aRU
_b19-000647
_919-НО-П-47
035 _a(NLR Aleph) 012234780
090 _a11003756
_c11003756
100 _a20200302d2019 |||y0rusy50 ca
101 0 _arus
102 _aRU
125 _aax
200 1 _aНе простимся с любовью
_bНоты
_eцикл романсов на стихи Н. Гумилёва
_e[для голоса в сопровождении фортепиано и с буквенно-цифровым обозначением партии сопровождения]
_fВ. Ф. Кочетов
210 _aЧелябинск
_cБиблиотека А. Миллера
_d2019
215 _a122 с.
_d30 см
300 _aИзложение цикла для гол. с букв.-цифр. обозн. сопровожд.: с. 5-36 ; изложение цикла для гол. с фп.: с. 37-122
604 _1700#1$aГумилев$gНиколай Степанович$bН. С.$f1886-1921
_150010$aПоэзия в музыке$xМузыкальные интерпретации$jНоты
686 _aЩ943.4-043.2(2Р=Р)
_vLBC/SL
_2rubbk
700 1 _9z01790
_aКочеков
_bВ. Ф.
_f1949-
_gВладимир Фёдорович
_4230
_7ca
702 1 _9z02790
_aГумилёв
_bН. С.
_f1886-1921
_gНиколай Степанович
_4520
_7ca
790 1 _9z01700
_aKočekov
_bV.
_gVladimir
_4230
_7ba
790 1 _9z02702
_aGumiljov
_bN. S.
_f1886-1921
_gNikolaj Stepanovič
_4520
_7ba
801 0 _aRU
_bNLR
_c20200302
_gPSBO
801 1 _aRU
_bNLR
_c20200302
_2rusmarc
801 2 _aRU
_bNLR
_c20201002
852 _aNLR
_bМ
_jК-3/30103
_pМОЭ 2019-НО-П-47/647
_t1
852 _aNLR
_bМ
_jК-3/30103а
_pМОЭ 2019-НО-П-47/647а
_t2
942 _cSCORE
980 _aNB
980 _aONIZ